Central Library OPAC University of Rajshahi

Handbook of perception / (Record no. 30878)

MARC details
000 -LEADER
fixed length control field 00799nam a2200265 a 4500
001 - CONTROL NUMBER
control field 30878
003 - CONTROL NUMBER IDENTIFIER
rucl marc code BD-RjUL
005 - DATE AND TIME OF LATEST TRANSACTION
control field 20211209051629.0
008 - FIXED-LENGTH DATA ELEMENTS--GENERAL INFORMATION
fixed length control field 140412m1974 nyu 000 0 eng
020 ## - INTERNATIONAL STANDARD BOOK NUMBER
International Standard Book Number 0121619052 (v. 5)
035 ## - SYSTEM CONTROL NUMBER
System control number (BD-RjUL)30965
040 ## - CATALOGING SOURCE
Original cataloging agency EZC
Transcribing agency EZC
Modifying agency MUL
-- BD-RjUL
Language of cataloging eng
041 ## - LANGUAGE CODE
Language code of text/sound track or separate title eng
060 #0 - NATIONAL LIBRARY OF MEDICINE CALL NUMBER
Classification number WL 700 H234
082 ## - DEWEY DECIMAL CLASSIFICATION NUMBER
Classification number 153.7
Author mark and year HAN 1974
245 00 - TITLE STATEMENT
Title Handbook of perception /
Statement of responsibility, etc. Edited by Edward C. Carterette and Morton P. Friedman
260 ## - PUBLICATION, DISTRIBUTION, ETC. (IMPRINT)
Place of publication, distribution, etc. New York :
Name of publisher, distributor, etc. Academic Press,
Date of publication, distribution, etc. 1974
300 ## - PHYSICAL DESCRIPTION
Pagination Vol. :
Illustrations ill. ;
Size 24 cm
500 ## - GENERAL NOTE
General note Includes index
505 0# - FORMATTED CONTENTS NOTE
Formatted contents note Vol. 1. History and Philosophical Roots of Perception. --
650 ## - SUBJECT ADDED ENTRY--TOPICAL TERM
Topical term or geographic name as entry element Perception
9 (RLIN) 168067
700 1# - ADDED ENTRY--PERSONAL NAME
Personal name Friedman, Morton P.
710 2# - ADDED ENTRY--CORPORATE NAME
Corporate name or jurisdiction name as entry element Association of Carers.
9 (RLIN) 93407
942 ## - ADDED ENTRY ELEMENTS (KOHA)
Source of classification or shelving scheme Dewey Decimal Classification
Koha item type Books
Holdings
Lost status Source of classification or shelving scheme Damaged status Not for loan Collection code Permanent Location Current Location Shelving location Date acquired Source of acquisition Cost, normal purchase price Total Checkouts Full call number Date last seen Copy number Koha item type
  Dewey Decimal Classification     Non-fiction Central Library, University of Rajshahi Central Library, University of Rajshahi   12/12/1981 Heffers 22.75   153.7 HAN V-1 1974 12/04/2014 C-3 Books
  Dewey Decimal Classification     Non-fiction Central Library, University of Rajshahi Central Library, University of Rajshahi   19/10/1977 Heffar 17.40   153.7 HAN V-1 1974 13/11/2016 C-2 Books
  Dewey Decimal Classification   Not For Loan Non-fiction Central Library, University of Rajshahi Central Library, University of Rajshahi Reading Room 19/10/1979 Heffers 17.40   153.7 HAN V-1 1974 29/03/2017 C-1 Books